Indovina gli Stati dell'Europa mentre vengono disegnati - Statistics

Statistiche generali
  • Questo quiz è stato fatto 71 volte
  • Il punteggio medio è 8 su 16
Risposte nella Mappa
Le risposte nella mappa del quiz sottostante sono codificate secondo una scala di colori dal rosso al verde in base alla % di persone che hanno risposto correttamente.
 
Statistiche sulle risposte
% Corretto
Danimarca
100%
Italia
100%
Norvegia
80%
Regno Unito
80%
Spagna
80%
Città del Vaticano
75%
Irlanda
75%
Lettonia
75%
Francia
67%
Kosovo
67%
Macedonia del nord
67%
Slovenia
67%
Svezia
67%
Svizzera
67%
Ungheria
67%
Belgio
60%
Lussemburgo
60%
Monaco
60%
Portogallo
57%
Repubblica Ceca
57%
Albania
50%
Germania
50%
Grecia
50%
Islanda
50%
Liechtenstein
50%
Russia
50%
Slovacchia
50%
Ucraina
50%
Bosnia Erzegovina
40%
Croazia
40%
Malta
33%
Paesi Bassi
33%
Bulgaria
29%
Bielorussia
25%
Estonia
25%
Moldavia
25%
Finlandia
20%
Montenegro
20%
Polonia
20%
Romania
20%
Serbia
20%
Austria
17%
Andorra
0%
Lituania
0%
San Marino
0%
Nessun quiz corrispondente trovato
Distribuzione punteggi
Percentuale di utenti per punteggio
Percentile per numero di risposta
I tuoi punteggi nel tempo
Non hai fatto questo quiz